Statistics for Countries Closest to China by first two letters

Click here to take the quiz!

General Stats

  • This quiz has been taken 193 times
  • The average score is 16 of 20

Answer Stats

kmcountrymiles% Correct
4Taiwan3
96%
0Tajikistan0
96%
0Russia0
95%
0India0
92%
0Mongolia0
91%
0North Korea0
91%
263South Korea164
90%
331Japan205
87%
0Nepal0
83%
0Kazakhstan0
82%
0Pakistan0
81%
0Laos0
78%
0Vietnam0
78%
0Bhutan0
76%
0Afghanistan0
75%
0Kyrgyzstan0
73%
115Thailand71
73%
0Myanmar0
70%
108Uzbekistan67
67%
94Bangladesh58
55%

Score Distribution

Percentile by Number Answered

Percent of People with Each Score

Your Score History

You have not taken this quiz